The design of everyday things /
This book is about: The psychopathology of everyday things; The psychology of everyday actions; Knowledge in the head and in the World; Knowing what to do; ...
保存先:
| 第一著者: | |
|---|---|
| フォーマット: | 図書 |
| 言語: | English |
| 出版事項: |
New York :
Doubleday,
1988.
|
| 主題: | |
| タグ: |
タグ追加
タグなし, このレコードへの初めてのタグを付けませんか!
|
| Thư viện lưu trữ: | Mạng thư viện Đại học Đà Nẵng |
|---|
| LEADER | 01058cam a2200361 i 4500 | ||
|---|---|---|---|
| 001 | 000048616 | ||
| 003 | 8338 | ||
| 005 | 20030310093129.0 | ||
| 008 | 010324|1988 vm 000 eng | ||
| 020 | |a 0385267746 | ||
| 040 | |a IRC |c IRC |d IRC | ||
| 041 | 0 | |a eng | |
| 082 | 1 | 4 | |a 620.82 |b NO-D |
| 100 | 1 | |a Norman, Donald A. | |
| 245 | 0 | 4 | |a The design of everyday things / |c Donald A. Norman. |
| 260 | |a New York : |b Doubleday, |c 1988. | ||
| 300 | |a 257 p. ; |c 20.5cm. | ||
| 520 | 3 | |a This book is about: The psychopathology of everyday things; The psychology of everyday actions; Knowledge in the head and in the World; Knowing what to do; ... | |
| 630 | 0 | 4 | |a Design. |
| 630 | 0 | 4 | |a Human engineering. |
| 630 | 0 | 4 | |a Industrial. |
| 650 | 0 | 4 | |a Design, Industrial |x Psychological aspects. |
| 650 | 0 | 4 | |a Human engineering. |
| OWN | |a DUT | ||
| 999 | |a From the UDN01 | ||
| TYP | |a Monograph | ||
| TYP | |a Printed language | ||
| 980 | |a Mạng thư viện Đại học Đà Nẵng | ||


